[Event "Regionalliga NW 0304"]
[Site "Bayern"]
[Date "2004.02.15"]
[Round "6.8"]
[White "Goetschel, Sebastian"]
[Black "Jaeger, Harald"]
[Result "1-0"]
[WhiteElo "1764"]
[BlackElo "1826"]
[PlyCount "107"]
[EventDate "2003.10.12"]
[EventType "team-tourn"]
[EventRounds "9"]
[EventCountry "GER"]
[SourceTitle "EXT 2006"]
[Source "ChessBase"]
[SourceDate "2005.11.24"]
[SourceVersion "1"]
[SourceVersionDate "2005.11.24"]
[SourceQuality "1"]
[WhiteTeam "Kulmbach"]
[BlackTeam "Burgsinn"]
[WhiteTeamCountry "GER"]
[BlackTeamCountry "GER"]

1. c4 e5 2. g3 f5 3. d3 Nf6 4. Bg2 Be7 5. Nc3 c6 6. e3 d5 7. cxd5 cxd5 8. Nge2 Be6 9. 0-0 0-0 10. b3 Nc6 11. Bb2 Rc8 12. Rc1 a6 13. Na4 Nd7 14. a3 b5 15. Nac3 Nf6 16. b4 Bf7 17. Qd2 Qb6 18. Rfe1 a5 19. Na2 Bd6 20. d4 Ne4 21. Qc2 Rc7 22. bxa5 Nxa5 23. Qd3 Nc4 24. Ba1 Bxa3 25. Rc2 Rfc8 26. Rb1 b4 27. Nac1 Nf6 28. Qxf5 Nxe3 29. Qxc8+ Rxc8 30. Rxc8+ Ne8 31. fxe3 e4 32. Ra8 Qc6 33. Rxa3 bxa3 34. Rb3 Qa6 35. Nc3 g6 36. Bf1 Qa5 37. Rb5 Qa8 38. N3a2 Nd6 39. Rb3 Nf5 40. Kf2 Qa5 41. Bc3 Qa8 42. Bb4 Qc8 43. Rc3 Qd8 44. Rxa3 Qg5 45. Be2 h5 46. Bd2 Nxd4 47. Ra8+ Kh7 48. Bc3 Qf5+ 49. Kg2 g5 50. Bxd4 Kg6 51. Nb3 Be6 52. Rh8 Qh3+ 53. Kg1 Bf5 54. Bf1 1-0

[Event "Regionalliga NW 0304"]
[Site "Bayern"]
[Date "2003.10.12"]
[Round "1.8"]
[White "Popov, Roman"]
[Black "Jaeger, Harald"]
[Result "1-0"]
[WhiteElo "1560"]
[BlackElo "1826"]
[PlyCount "119"]
[EventDate "2003.10.12"]
[EventType "team-tourn"]
[EventRounds "9"]
[EventCountry "GER"]
[SourceTitle "EXT 2006"]
[Source "ChessBase"]
[SourceDate "2005.11.24"]
[SourceVersion "1"]
[SourceVersionDate "2005.11.24"]
[SourceQuality "1"]
[WhiteTeam "Hof"]
[BlackTeam "Burgsinn"]
[WhiteTeamCountry "GER"]
[BlackTeamCountry "GER"]

1. e4 e6 2. Qe2 c5 3. g3 Nc6 4. c3 e5 5. Bg2 d6 6. d3 Nf6 7. h3 Be7 8. Na3 a6 9. Nf3 b5 10. 0-0 Nd7 11. Ne1 Rb8 12. Nac2 0-0 13. f4 Kh8 14. Be3 b4 15. cxb4 Nxb4 16. Nxb4 Rxb4 17. b3 a5 18. Nc2 Rb8 19. Bd2 Ba6 20. Bc3 Bf6 21. f5 Qb6 22. Kh2 Bd8 23. Na3 Qc6 24. Nc4 a4 25. Qc2 Bc7 26. Rfb1 Rb7 27. bxa4 Rxb1 28. Rxb1 Bxc4 29. dxc4 Ra8 30. Rb5 Nb6 31. Ba5 Nxc4 32. Qxc4 Bxa5 33. Qxf7 Qc7 34. Qd5 Rb8 35. Bf1 Rxb5 36. axb5 Bb6 37. Bc4 Qd8 38. Qe6 Qf8 39. g4 Bd8 40. Kg3 Ba5 41. h4 Bd8 42. g5 Be7 43. Kg4 Bd8 44. a4 Ba5 45. f6 gxf6 46. Qxf6+ Qxf6 47. gxf6 d5 48. Bxd5 Bd8 49. Kf5 Ba5 50. h5 Bd8 51. h6 c4 52. Bxc4 Bxf6 53. b6 Bd8 54. b7 Bc7 55. Ke6 Bb8 56. Kd7 Ba7 57. Kc8 Bb8 58. Be2 Bd6 59. b8Q Bxb8 60. Kxb8 1-0

[Event "Landesliga Nord 0203"]
[Site "Bayern"]
[Date "2003.02.23"]
[Round "7.8"]
[White "Ertl, Rolf"]
[Black "Jaeger, Harald"]
[Result "1-0"]
[WhiteElo "2095"]
[BlackElo "1821"]
[PlyCount "51"]
[EventDate "2002.10.20"]
[EventType "team"]
[EventRounds "9"]
[EventCountry "GER"]
[SourceTitle "EXT 2004"]
[Source "ChessBase"]
[SourceDate "2003.11.25"]
[SourceVersion "1"]
[SourceVersionDate "2003.11.25"]
[SourceQuality "1"]
[WhiteTeam "Koetzting"]
[BlackTeam "Burgsinn"]
[WhiteTeamCountry "GER"]
[BlackTeamCountry "GER"]

1. e4 e6 2. d4 Nf6 3. e5 Nd5 4. Nf3 d6 5. Be2 c5 6. c4 Ne7 7. exd6 Qxd6 8. dxc5 Qxc5 9. Nc3 Ng6 10. Be3 Qe7 11. h4 Nc6 12. a3 a6 13. Na4 Qf6 14. Bg5 Qf5 15. Nb6 Rb8 16. b4 h6 17. Be3 Be7 18. Qd3 Qf6 19. Rd1 0-0 20. Qc2 Nf4 21. 0-0 Nxe2+ 22. Qxe2 Ne5 23. Nxe5 Qxe5 24. Qf3 Qc7 25. Rfe1 Qc6 26. Qg3 1-0